| 000 | 00396pab a2200145 454500 | ||
|---|---|---|---|
| 008 | 180718b1987 xxu||||| |||| 00| 0 eng d | ||
| 100 | _aFeder, Gershon | ||
| 245 |
_aLand ownership security and farm productivity _bEvidence from Thailand |
||
| 260 | _c1987 | ||
| 300 | _a16-30 | ||
| 362 | _aOct. | ||
| 650 | _aLand Tenure - Thailand | ||
| 773 | _aJournal of Development Studies | ||
| 909 | _a12144 | ||
| 999 |
_c12144 _d12144 |
||